Relaciones entre el Derecho Internacional y el Derecho Interno en Europa y Sudamérica

Salvato in:
Dettagli Bibliografici
Autori principali: Ribera Neumann, Teodoro (autor), Gornig, Gilbert (Autore)
Natura: Libro
Lingua:spagnolo
Pubblicazione: Pamplona Aranzadi SA 2016
Edizione:1a. ed
Serie:Estudios
Soggetti:
Tags: Aggiungi Tag
Nessun Tag, puoi essere il primo ad aggiungerne!!

MARC

LEADER 00000cam a2200000 a 4500
001 UCD5347
003 CL-VaPUC
008 160902e20160000sp |||||||||||||||||spa|d
020 |a 9788490996850 
082 0 4 |a 341.01  |b RIB  |2 21 
100 |a Ribera Neumann, Teodoro  |e autor  |9 589140 
700 |a Gornig, Gilbert  |e author  |9 589141 
245 1 0 |a Relaciones entre el Derecho Internacional y el Derecho Interno en Europa y Sudamérica 
250 |a 1a. ed 
300 |a 195 p 
942 |c BK 
945 |d 20160902 15:38:00  |a dcastane 
260 |a Pamplona  |b Aranzadi SA  |c 2016 
650 0 |a Derecho internacional  |9 255637 
650 0 |a Relaciones Internacionales  |9 255740 
650 0 |a Fuentes del derecho   |9 255162 
583 |a last modification  |c 20160902 15:38:00  |k Rodrigo Vera 
490 0 |a Estudios 
999 |c 366063  |d 366061 
952 |0 0  |1 0  |3 erb  |4 0  |6 341_010000000000000_RIB_2016  |7 0  |8 A  |9 480091  |a BIBDER  |b BIBDER  |i 534011K  |o 341.01 RIB 2016  |p 534011K  |r 2023-01-25  |w 2019-11-24  |y BK  |z Catalogado en:20160902  |k DER